000 00617nam a2200229Ia 4500
003 OSt
005 20220928100058.0
006 a|||||r|||| 00| 0
007 ta
008 220927b |||||||| |||| 00| 0 eng d
024 _a63916
037 _cTextual
040 _aSDCL
_cSDCL
_beng
041 _2eng
_aeng
082 _aO-973,6, K9
100 _aTruner Darwin T. Ed.
_9391591
245 0 _aBlack American literature essays
260 _aOhio
_bCharles E. Merril Publishing
_c1969
300 _a154
_ccm.
942 _hO-973,6, K9
_cTEXL
_2CC
999 _c707392
_d707392